Central Library OPAC University of Rajshahi

Revelation and reason in Islam / (Record no. 31963)

MARC details
000 -LEADER
fixed length control field 00677nam a22002291a 4500
001 - CONTROL NUMBER
control field 31963
003 - CONTROL NUMBER IDENTIFIER
rucl marc code BD-RjUL
005 - DATE AND TIME OF LATEST TRANSACTION
control field 20211209051755.0
008 - FIXED-LENGTH DATA ELEMENTS--GENERAL INFORMATION
fixed length control field 140423s1957 enk 00010 eng d
035 ## - SYSTEM CONTROL NUMBER
System control number (BD-RjUL)32052
040 ## - CATALOGING SOURCE
Original cataloging agency BD-RjUL
Language of cataloging eng
Transcribing agency BD-RjUL
041 ## - LANGUAGE CODE
Language code of text/sound track or separate title eng
082 ## - DEWEY DECIMAL CLASSIFICATION NUMBER
Classification number 297
Author mark and year ARR 1957
100 1# - MAIN ENTRY--PERSONAL NAME
Personal name Arberry, A. J.
Fuller form of name (Arthur John),
Dates associated with a name 1905-1969.
9 (RLIN) 5438
245 10 - TITLE STATEMENT
Title Revelation and reason in Islam /
Statement of responsibility, etc. A.J. Arberry.
260 ## - PUBLICATION, DISTRIBUTION, ETC. (IMPRINT)
Place of publication, distribution, etc. London :
Name of publisher, distributor, etc. Allen & Unwin,
Date of publication, distribution, etc. 1957.
300 ## - PHYSICAL DESCRIPTION
Pagination 122 p. ;
Size 21 cm.
500 ## - GENERAL NOTE
General note Text of the Forwood lectures, University of Liverpool, 1956.
650 #0 - SUBJECT ADDED ENTRY--TOPICAL TERM
Topical term or geographic name as entry element Revelation (Islam)
9 (RLIN) 97312
Topical term or geographic name as entry element Islam.
9 (RLIN) 97313
942 ## - ADDED ENTRY ELEMENTS (KOHA)
Source of classification or shelving scheme Dewey Decimal Classification
Koha item type Books
Holdings
Lost status Source of classification or shelving scheme Damaged status Not for loan Collection code Permanent Location Current Location Shelving location Date acquired Source of acquisition Cost, normal purchase price Total Checkouts Full call number Date last seen Copy number Koha item type
  Dewey Decimal Classification     Non-fiction Central Library, University of Rajshahi Central Library, University of Rajshahi   08/02/1967 Royal Book. 11.25   297 ARR 1957 23/04/2014 C-4 Books
  Dewey Decimal Classification     Non-fiction Central Library, University of Rajshahi Central Library, University of Rajshahi   25/03/1964 Zeitlinger 14.60   297 ARR 1957 27/04/2014 C-2 Books
  Dewey Decimal Classification     Non-fiction Central Library, University of Rajshahi Central Library, University of Rajshahi   03/08/1972 Book Center 27.50   297 ARR 1965 27/04/2014 C-5 Books
  Dewey Decimal Classification     Non-fiction Central Library, University of Rajshahi Central Library, University of Rajshahi   28/05/1964 Thomas and Thomas 11.25   297 ARR 1957 27/04/2014 C-3 Books